MARC

LEADER 00000nam0a2200000 4500
001 202504
005 20231031185404.0
010 |a 0306400073 
035 |a (RuTPU)RU\TPU\book\220666 
090 |a 202504 
100 |a 20111014d1977 k y0rusy50 ca 
101 0 |a rus 
102 |a US 
105 |a a z 001zy 
200 1 |a Current interruption in High-Voltage Networks  |f edited by Klaus Ragaller  |f edited by K. Ragaller 
210 |a New York  |c Plenum Press  |d 1977  |a London 
215 |a 360 с.  |c il. 
320 |a Subject Index: p. 357-360. 
610 1 |a электрические сети 
610 1 |a высоковольтное электрооборудование 
610 1 |a высоковольтные линии 
610 1 |a высоковольтные сети 
610 1 |a высокое напряжение 
610 1 |a прерывания 
675 |a 621.311.1.027  |v 3 
702 1 |a Ragaller  |b K.  |g Klaus  |4 340 
801 1 |a RU  |b 63413507  |c 20111014 
801 2 |a RU  |b 63413507  |c 20111111  |g RCR 
942 |c BK